| 000 | 01390cam a22003378a 4500 | ||
|---|---|---|---|
| 999 |
_c15023 _d15023 |
||
| 001 | 16067880 | ||
| 003 | EG-ScBUE | ||
| 005 | 20200128133321.0 | ||
| 008 | 100125s2011 enkab f bd 001 0deng d | ||
| 020 | _a9780415585897 (pbk.) | ||
| 040 |
_aDLC _beng _erda _cDLC _dEG-ScBUE |
||
| 043 | _aa-ii--- | ||
| 082 | 0 | 4 |
_a320.954 _bMIT _222 |
| 100 | 1 |
_aMitra, Subrata Kumar, _d1949- _eauthor. _922610 |
|
| 245 | 1 | 0 |
_aPolitics in India : _bstructure, process and policy / _cSubrata K. Mitra. |
| 264 |
_aMilton Park, Abingdon, Oxon ; _aNew York : _bRoutledge, Taylor and Francis Group, _c2011. |
||
| 300 |
_axxi, 266 pages : _billustrations, maps ; _c24 cm |
||
| 336 |
_2rdacontent _atext _btxt |
||
| 337 |
_2rdamedia _aunmediated _bn |
||
| 338 |
_2rdacarrier _avolume _bnc |
||
| 500 | _aIncludes glossary. | ||
| 504 | _aIncludes bibliographical references and index. | ||
| 520 | _aA comprehensive analysis of the broad spectrum of India's politics that explains the key feature of Indian politics in a comparative and accessible narrative, illustrated with relevant maps, life stories, statistics and opinion data. | ||
| 650 | 7 |
_aDemocracy _zIndia. _922611 _2BUEsh |
|
| 651 | 7 |
_aIndia _xPolitics and government. _2BUEsh _922614 |
|
| 653 |
_bMASPPSS _cJanuary2020 |
||
| 655 | _vReading book | ||
| 942 |
_2ddc _cBB |
||